| 000 | 00425cam a22001097a 4500 | ||
|---|---|---|---|
| 008 | 180718b-- xxu||||| |||| 00| 0 eng d | ||
| 082 | _aG22x5452 T152/1971-76 | ||
| 245 |
_aTamil Nadu Legislative Assembly Quinquennial review _cby Legislative Assembly Department, Tamil Nadu |
||
| 260 |
_aMadras _bLegislative Assembly Department _c-- |
||
| 500 | _aLibrary has 1967/70-1971/76 | ||
| 700 | _aTamil Nadu. Legislative Assembly Department | ||
| 999 |
_c490849 _d490849 |
||